Deep freeze. #10 / John Sandford.
Available copies
- 6 of 7 copies available at LARL/NWRL Consortium.
- 1 of 1 copy available at Lake Agassiz Regional Library. (Show preferred library)
Current holds
0 current holds with 7 total copies.
View other formats and editions
Show Only Available Copies
| Location | Call Number / Copy Notes | Barcode | Shelving Location | Status | Due Date |
|---|---|---|---|---|---|
| Crookston Public Library | SAN (Text) | 33500012588414 | Main | Available | - |
| Godel Memorial-Warren Library | SAN (Text) | 35500005979057 | Main | Available | - |
| Greenbush Public Library | SAN (Text) | 35500005964323 | Main | Available | - |
| Grygla LINK Site | SAN (Text) | 35500005964273 | Main | Available | - |
| Hallock Public Library | SAN (Text) | 35500005997125 | Main | Available | - |
| Karlstad LINK Site | SAN (Text) | 35500005964489 | Main | Available | - |
| Thief River Falls Public Library | SAN (Text) | 35500005964281 | Main | Checked out | 06/01/2026 |
Record details
- ISBN: 9780399176067
- ISBN: 0399176063
- Physical Description: 391 pages ; 24 cm.
- Publisher: New York : G.P. Putnam's Sons, [2017]
Content descriptions
| Summary, etc.: | "Class reunions: a time for memories--good, bad, ... Read More |
Search for related items by subject
| Genre: | Suspense fiction. Mystery fiction. Fiction. Thrillers (Fiction) Detective and mystery fiction. Thrillers (Fiction.) Detective and mystery fiction. |
Search for related items by series
| LDR | 02993cam a22005778i 4500 | ||
|---|---|---|---|
| 001 | 228076 | ||
| 003 | LARL_NWRL_CONSORTIUM | ||
| 005 | 20171017132723.0 | ||
| 008 | 170609s2017 nyu 000 1 eng | ||
| 010 | . | ‡a 2017025620 | |
| 040 | . | ‡aDLC ‡beng ‡erda ‡cDLC ‡dYDX ‡dBDX ‡dABJ ‡dOCLCO ‡dOCLCF ‡dQX9 ‡dIGA ‡dIK2 ‡dKYC ‡dWPLBT ‡dZHB ‡dTXLBH | |
| 019 | . | ‡a1005674288 | |
| 020 | . | ‡a9780399176067 ‡q(hardcover) | |
| 020 | . | ‡a0399176063 ‡q(hardcover) | |
| 035 | . | ‡a(OCoLC)969376808 ‡z(OCoLC)1005674288 | |
| 037 | . | ‡bPenguin Group USA, Attn: Order Processing 405 Murray Hill Pkwy, East Rutherford, NJ, USA, 07073-2136 ‡nSAN 201-3975 | |
| 042 | . | ‡apcc | |
| 082 | 0 | 0. | ‡a813/.54 ‡223 |
| 084 | . | ‡aFIC050000 ‡aFIC030000 ‡aFIC031000 ‡2bisacsh | |
| 100 | 1 | . | ‡aSandford, John, ‡d1944 February 23- ‡eauthor. ‡0(LARL_NWRL_CONSORTIUM)220778 |
| 245 | 1 | 0. | ‡aDeep freeze. ‡n#10 / ‡cJohn Sandford. |
| 264 | 1. | ‡aNew York : ‡bG.P. Putnam's Sons, ‡c[2017] | |
| 300 | . | ‡a391 pages ; ‡c24 cm. | |
| 336 | . | ‡atext ‡btxt ‡2rdacontent | |
| 337 | . | ‡aunmediated ‡bn ‡2rdamedia | |
| 338 | . | ‡avolume ‡bnc ‡2rdacarrier | |
| 490 | 0 | . | ‡aVirgil Flowers ; ‡v10 |
| 520 | . | ‡a"Class reunions: a time for memories--good, bad, and, as Virgil Flowers is about to find out, deadly. Virgil knows the town of Trippton, Minnesota, a little too well. A few years back, he investigated the corrupt - and as it turned out, homicidal - local school board, and now the town's back in view with more alarming news: A woman's been found dead, frozen in a block of ice. There's a possibility that it might be connected to a high school class of twenty years ago that has a mid-winter reunion coming up, and so, wrapping his coat a little tighter, Virgil begins to dig into twenty years' worth of traumas, feuds, and bad blood. In the process, one thing becomes increasingly clear to him. It's true what they say: high school is murder."-- ‡cProvided by publisher. | |
| 650 | 0. | ‡aFlowers, Virgil (Fictitious character) ‡vFiction. | |
| 650 | 0. | ‡aCold cases (Criminal investigation) ‡vFiction. ‡0(LARL_NWRL_CONSORTIUM)171531 | |
| 650 | 7. | ‡aFICTION / Crime. ‡2bisacsh | |
| 650 | 7. | ‡aFICTION / Suspense. ‡2bisacsh | |
| 650 | 7. | ‡aFICTION / Thrillers. ‡2bisacsh | |
| 650 | 7. | ‡2fast ‡0(LARL_NWRL_CONSORTIUM)162067 ‡aCold cases (Criminal investigation) | |
| 650 | 7. | ‡aFlowers, Virgil (Fictitious character) ‡2fast ‡0(LARL_NWRL_CONSORTIUM)170208 | |
| 650 | 4. | ‡aFICTION / Suspense. | |
| 650 | 4. | ‡aCold cases (Criminal investigation) ‡vFiction. ‡0(LARL_NWRL_CONSORTIUM)171531 | |
| 655 | 7. | ‡aSuspense fiction. ‡2gsafd | |
| 655 | 7. | ‡aMystery fiction. ‡2gsafd | |
| 655 | 7. | ‡aFiction. ‡2fast | |
| 655 | 7. | ‡aThrillers (Fiction) ‡2lcgft | |
| 655 | 7. | ‡aDetective and mystery fiction. ‡2lcgft | |
| 655 | 4. | ‡aThrillers (Fiction.) | |
| 655 | 4. | ‡aDetective and mystery fiction. | |
| 901 | . | ‡a228076 ‡bOCoLC ‡c228076 ‡tbiblio ‡soclc | |

Add to basket
Permalink
Disable Highlighting